000 00497nam a2200169Ia 4500
999 _c19188
_d19188
003 OSt
005 20200623113833.0
008 190216s9999||||xx |||||||||||||| ||und||
040 _coclc
082 _a954.035
_bPAN/N
100 _aPanikkar, K N
_92601
245 0 _aNational And Left Movements In India /
_cK N Panikkar
260 _bVikas Publishing House,
_aNew Delhi:
_c1980.
300 _a320p
650 _aHistory
942 _cBK
_2ddc
_h954.035
_iPAN/N
_k954.035
_mPAN/N